000 00707nam a2200205Ii 4500
003 JO-AjNU
008 230605s9999||||xx |||||||||||||| ||und||
017 _a1977/5587
040 _aJO-AjNU
_bara
_erda
_cJO-AjNU
041 _aara
050 1 4 _aBP169.A2 1977
100 3 _aسعيد، عبد الستار فتح الله ,
_eauthor
_935595
245 0 0 _aالغزو الفكري والتيارات المعادية للإسلام
264 3 1 _aالقاهرة: دار الأنصار ، 1977
300 _a174ص
336 _atext
_btxt
_2rdacontent
337 _aunmediated
_bn
_2rdamedia
338 _avolume
_bnc
_2rdacarrier
650 4 _aالدعوة الاسلامية- الغزو الفكري
_935596
999 _aA14711
_c18279
_d18279